Soil structure interaction (Record no. 30928)

000 -LEADER
fixed length control field 00578nam a2200205 a 4500
001 - CONTROL NUMBER
control field 30928
003 - CONTROL NUMBER IDENTIFIER
control field BD-DHUET
008 - FIXED-LENGTH DATA ELEMENTS--GENERAL INFORMATION
fixed length control field 930127s1994 enka b 001 0 eng
020 ## - INTERNATIONAL STANDARD BOOK NUMBER
International Standard Book Number 0419190708
040 ## - CATALOGING SOURCE
Original cataloging agency DLC
Transcribing agency DLC
Modifying agency BD-DHUET
082 00 - DEWEY DECIMAL CLASSIFICATION NUMBER
Classification number 624.151
Edition number BUL/1994
100 ## - MAIN ENTRY--PERSONAL NAME
Personal name Bull, John W.
245 00 - TITLE STATEMENT
Title Soil structure interaction
Remainder of title numerical analysis and modelling
250 ## - EDITION STATEMENT
Edition statement 1st ed.
260 ## - PUBLICATION, DISTRIBUTION, ETC. (IMPRINT)
Place of publication, distribution, etc. London
Name of publisher, distributor, etc. E & FN Spon
Date of publication, distribution, etc. 1994
300 ## - PHYSICAL DESCRIPTION
Extent xiv, 727p.
Other physical details ill.
504 ## - BIBLIOGRAPHY, ETC. NOTE
Bibliography, etc Includes bibliographies
650 #0 - SUBJECT ADDED ENTRY--TOPICAL TERM
Topical term or geographic name as entry element Soil-structure interaction - Mathematical models
942 ## - ADDED ENTRY ELEMENTS (KOHA)
Koha item type Edited Book
Holdings
Withdrawn status Sublocation or collection (holding branch) Lost status Date acquired Damaged status Copy number Koha full call number Piece designation (barcode) Shelving location Koha date last seen Koha item type Source of classification or shelving scheme Location (home branch) Price effective from Not for loan Koha normalized classification for sorting
 Central Library, BUET 2015-06-27 1624.151/BUL/199490843Reading section2015-06-27Reading Item Central Library, BUET2015-06-27 624_151000000000000_BUL_1994